• 首页
  • 本馆介绍
  • 公告通知
  • 最新文献
  • 馆藏检索
  • 电子资源
  • 读者导购
  • 参考咨询
  • 我的图书馆
  • 登录
  • 详细信息显示
  • 放入我的书架
  • 预约/预借图书
  • 作者相关作品
  • 分类相关作品
  • 丛书相关作品
  • 出版社相关作品

书目信息

  • 表格格式
  • 工作单格式
  • 卡片格式
题名:
认识建筑
    
 
作者: 丰子恺 著
分册:  
出版信息: 北京   北京日报出版社  2017.07
页数: 184页
开本: 24cm
丛书名: 丰子恺作品系列
单 册:
中图分类: TU-861
科图分类:
主题词: 建筑艺术--jian zhu yi shu--世界
电子资源:
ISBN: 978-7-5477-2494-1
000 01093oam2 2200277 450
001 2033477891
005 20201122094835.32
010    @a978-7-5477-2494-1@dCNY68.00
100    @a20181114d2017 em y0chiy50 ea
101 0  @achi
102    @aCN@b110000
105    @aa z 000yy
106    @ar
200 1  @a认识建筑@9ren shi jian zhu@e丰子恺建筑六讲@dSix lectures on western architecture@f丰子恺著@zeng
210    @a北京@c北京日报出版社@d2017.07
215    @a184页@c图@d24cm
225 2  @a丰子恺作品系列@9feng zi kai zuo pin xi lie
330    @a本书共分六部分,从古埃及时代的坟墓、古希腊时代的神殿,讲到中世纪和文艺复兴时期教堂风格的不断演变,再到近代宫殿艺术的兴起与覆灭,最后讲到现代摩天大楼林立、新材料与新技术在现代建筑中的全面运用。
461  0 @12001 @a丰子恺作品系列
510 1  @aSix lectures on western architecture@zeng
517 1  @a丰子恺建筑六讲@9feng zi kai jian zhu liu jiang
606 0  @a建筑艺术@9jian zhu yi shu@y世界
690    @aTU-861@v5
701  0 @a丰子恺@9feng zi kai@f(1898-1975)@4著
801  0 @aCN@bBJSZM@c20201120
905    @b1244284-7@dTU-861@e239@f4
    
    认识建筑:丰子恺建筑六讲=Six lectures on western architecture/丰子恺著.-北京:北京日报出版社,2017.07
    184页:图;24cm.-(丰子恺作品系列)
    
    
    ISBN 978-7-5477-2494-1:CNY68.00
    本书共分六部分,从古埃及时代的坟墓、古希腊时代的神殿,讲到中世纪和文艺复兴时期教堂风格的不断演变,再到近代宫殿艺术的兴起与覆灭,最后讲到现代摩天大楼林立、新材料与新技术在现代建筑中的全面运用。
●
相关链接 在E读中查询图书 在五车中查询图书 在当当中查询图书 在豆瓣中查询图书


正题名:认识建筑     索取号:TU-861/239         预约/预借

序号 登录号 条形码 馆藏地/架位号 状态 备注
1 1244284   212442846   第二样本阅览室/ [索取号:TU-861/239] 在馆    
2 1244285   212442855   第三借阅区/ [索取号:TU-861/239] 在馆    
3 1244286   212442864   第三借阅区/ [索取号:TU-861/239] 在馆    
4 1244287   212442873   第三借阅区/ [索取号:TU-861/239] 在馆    
唐山师范学院图书馆 欢迎您!
大连网信软件有限公司© 版权所有